La opción - tierra: la solución para la tierra no cae del cielo

Сохранить в:
Библиографические подробности
Главный автор: Boff, Leonardo (Автор)
Формат:
Язык:испанский
Опубликовано: Santander Sal Terrae 2008
Редактирование:1a. ed
Серии:Colección El Pozo de Siquem, 225
Предметы:
Метки: Добавить метку
Нет меток, Требуется 1-ая метка записи!

MARC

LEADER 00000cam a2200000 a 4500
001 UCD2160
003 CL-VaPUC
008 160414e20080000sp |||||||||||||||||spa|d
020 |a 9788429317626 
082 0 4 |a 333.7  |b BOF  |2 21 
100 0 |a Boff, Leonardo  |e author  |9 585440 
245 1 3 |a La opción - tierra: la solución para la tierra no cae del cielo 
250 |a 1a. ed 
300 |a 222 p 
942 |c BK 
945 |d 20160414 22:20:00  |a arojas 
260 |a Santander  |b Sal Terrae  |c 2008 
650 0 |a Ecología humana   |9 263207 
650 0 |a Ética ambiental  |9 585441 
583 |a last modification  |c 20160414 22:20:00  |k Rodrigo Vera 
490 0 |a Colección El Pozo de Siquem, 225 
999 |c 363355  |d 363353 
952 |0 0  |1 0  |3 erb  |4 0  |6 333_700000000000000_BOF_2008  |7 0  |8 A  |9 475547  |a BIBTEO  |b BIBTEO  |i 5281423  |l 2  |o 333.7 BOF 2008  |p 5281423  |q 2024-12-11  |r 2024-11-11  |s 2024-11-11  |w 2019-11-24  |y BK  |z Catalogado en:20160414  |k ICR